000 01667cam a22005414i 4500
003 PE-LiUPU
005 20250731180148.0
008 150706s r 000 0 d
020 _a9789507433054
035 _a(Sirsi) i9789507433054
040 _aPE-LiUPU
_bspa
_cPE-LiUPU
_erda
049 _aPRUA
082 0 4 _a574.503
_bG63
_221
100 1 _aGodoy, Emiliano V. ,
_eautor.
245 1 0 _aDiccionario de ecología /
_cEmiliano V. Godoy.
250 _a2a ed.
264 1 _aFlorida :
_bValleta Ediciones,
_c2009.
300 _a442 páginas ;
_c22 cm.
336 _atext
_2rdacontent
337 _aunmediated
_2rdamedia
338 _avolume
_2rdacarrier
490 0 _aDiccionarios temáticos
505 0 _aDiccionario de Ecología de A-Z.
526 _aSEG44
526 _aSEG26
526 _aP159
526 _aP155
526 _aP154
526 _aP153
526 _aP150
526 _aP100
526 _aP31
526 _aP30
526 _aP26
526 _aP25
526 _aP24
526 _aP22
526 _aP15
526 _aP10
541 _g015-0014332;
650 0 4 _aEcología
_vDiccionarios.
910 _agl
_bjv
_clch
_d20121012
942 _2ddc
_cBOOK
949 _a574.503 G63
_wDEWEY
_c1
_i65535
_lCCODEBUL1
_mBUL
_p56.00
_r0
_sY
_tBOOK
_u2015-7-6
_xINGENIERIA
_PP24
_o.STAFF. Colección General
994 _aC0
_bPEPRU
596 _a1
999 _a574.503 G63
_wDEWEY
_c54014
_i65535
_d54014
_e2015-10-6
_f2021-11-9
_g8
_lCCODEBUL1
_mBUL
_n3
_p56.00
_r0
_sY
_tBOOK
_u2015-7-6
_xINGENIERIA
_PP24
_0COMPRA
_o.STAFF. Colección General
980 _81
_gALBERTO SANCHEZ Responsable de Automatización